000 00907nmm a2200289 a 4500
001 ocm0001916966
003 TR-IsHL
005 20201028173222.0
008 180909s2018 tu tur
007 cr cn
020 _a9786059530569
035 _a1916966
_b(N$T)
050 0 4 _aBP80.S3.
_bE78 2018
090 0 4 _aBP80.S3.
_bE78 2018
100 1 _aErsan, Mehmet Özgür
245 1 0 _aSarı Saltuk
_h[electronic resource] /
_cMehmet Özgür Ersan
250 _a1. Basım
260 _aİstanbul :
_bSalon Yayınları,
_c2018
300 _a123 p.
650 4 _aDil ve Edebiyat
650 4 _aLanguage and Literature
650 0 _aSarı Saltuk
650 0 _aMuslim saints
_x Biography
650 0 _aEvliyalar
_x Biyografi
650 7 _aBIOGRAPHY & AUTOBIOGRAPHY / Religious
_2bisacsh
856 4 0 _uhttp://search.ebscohost.com/login.aspx?direct=true&scope=site&db=e011xww&AN=1916966
999 _c17588
_d17588